| Tag |
First Indicator |
Second Indicator |
Subfields |
| LEADER |
00000cam a22000008a 4500 |
| 001 |
in00002663157 |
| 005 |
20151202092939.0 |
| 008 |
100621s2010 nyu d 000 1 eng |
| 010 |
|
|
|a 2010022979
|
| 020 |
|
|
|a 9780061767623 (trade bdg.)
|
| 020 |
|
|
|a 006176762X (trade bdg.)
|
| 035 |
|
|
|a (OCoLC)ocn526057909
|
| 035 |
|
|
|a (OCoLC)526057909
|
| 040 |
|
|
|a DLC
|c DLC
|d BTCTA
|d HALAN
|d HSA
|d ABG
|d LF3
|d UtOrBLW
|
| 042 |
|
|
|a lcac
|
| 049 |
|
|
|a TXAM
|
| 050 |
0 |
0 |
|a PZ7.C76472
|b Su 2010
|
| 082 |
0 |
0 |
|a [Fic]
|2 22
|
| 100 |
1 |
|
|a Conrad, Lauren.
|
| 245 |
1 |
0 |
|a Sugar and spice :
|b an L.A. candy novel /
|c Lauren Conrad.
|
| 250 |
|
|
|a 1st ed.
|
| 263 |
|
|
|a 1010
|
| 264 |
|
1 |
|a New York :
|b Harper,
|c [2010]
|
| 264 |
|
4 |
|c ©2010
|
| 300 |
|
|
|a 279 pages ;
|c 22 cm.
|
| 336 |
|
|
|a text
|b txt
|2 rdacontent
|
| 337 |
|
|
|a unmediated
|b n
|2 rdamedia
|
| 338 |
|
|
|a volume
|b nc
|2 rdacarrier
|
| 520 |
|
|
|a Reality television star Jane Roberts never imagined how celebrity would change her life, and now she must decide if the fame and glamour are worth the drama and deception.
|
| 650 |
|
1 |
|a Reality television programs
|v Fiction.
|
| 650 |
|
1 |
|a Celebrities
|v Fiction.
|
| 650 |
|
1 |
|a Interpersonal relations
|v Fiction.
|
| 650 |
|
1 |
|a Conduct of life
|v Fiction.
|
| 651 |
|
1 |
|a Los Angeles (Calif.)
|v Fiction.
|
| 650 |
|
0 |
|a Reality television programa
|v Juvenile fiction.
|
| 650 |
|
0 |
|a Celebrities
|v Juvenile fiction.
|
| 650 |
|
0 |
|a Interpersonal relations
|v Juvenile fiction.
|
| 650 |
|
0 |
|a Conduct of life
|v Juvenile fiction.
|
| 651 |
|
0 |
|a Los Angeles (Calif.)
|v Juvenile fiction.
|
| 938 |
|
|
|a Baker and Taylor
|b BTCP
|n BK0008801278
|
| 948 |
|
|
|a cataloged
|b h
|c 2010/10/22
|d c
|e ceaton
|f 12:15:18 pm
|
| 994 |
|
|
|a C0
|b TXA
|
| 999 |
|
|
|a MARS
|
| 999 |
f |
f |
|s 26645e3d-a435-31c3-ae40-9a9ec9282795
|i b428f7a6-903c-3093-8aec-392cd7c50144
|t 0
|
| 952 |
f |
f |
|p normal
|a Texas A&M University
|b College Station
|c Sterling C. Evans Library
|d Evans: Library Stacks
|t 0
|e PZ7.C76472 Su 2010
|h Library of Congress classification
|i unmediated -- volume
|m A14839337261
|
| 998 |
f |
f |
|a PZ7.C76472 Su 2010
|t 0
|l Evans: Library Stacks
|